Global strategic management : (Record no. 528857)

000 -LEADER
fixed length control field 01600cam a2200373 a 4500
001 - CONTROL NUMBER
control field 2944603
003 - CONTROL NUMBER IDENTIFIER
control field NUST
005 - DATE AND TIME OF LATEST TRANSACTION
control field 20190914134512.0
008 - FIXED-LENGTH DATA ELEMENTS--GENERAL INFORMATION
fixed length control field 900724s1990 nyua b 001 0 eng
010 ## - LIBRARY OF CONGRESS CONTROL NUMBER
LC control number 90044777
020 ## - INTERNATIONAL STANDARD BOOK NUMBER
International Standard Book Number 0471617881 (alk. paper)
038 ## - RECORD CONTENT LICENSOR
Staff Name Atta
040 ## - CATALOGING SOURCE
Original cataloging agency DLC
Transcribing agency DLC
Modifying agency DLC
050 00 - LIBRARY OF CONGRESS CALL NUMBER
Classification number HD62.4
Item number .V483 1990
082 00 - DEWEY DECIMAL CLASSIFICATION NUMBER
Classification number 658.4012 VER
Edition number 20
245 00 - TITLE STATEMENT
Title Global strategic management :
Remainder of title the essentials /
Statement of responsibility, etc. [compiled by] Heidi Vernon-Wortzel, Lawrence H. Wortzel.
250 ## - EDITION STATEMENT
Edition statement 2nd ed.
260 ## - PUBLICATION, DISTRIBUTION, ETC.
Place of publication, distribution, etc. New York :
Name of publisher, distributor, etc. Wiley,
Date of publication, distribution, etc. c1990.
300 ## - PHYSICAL DESCRIPTION
Extent xiii, 545 p. :
Other physical details ill. ;
Dimensions 24 cm.
500 ## - GENERAL NOTE
General note Rev. ed. of: Strategic management of multinational corporations. c1985.
504 ## - BIBLIOGRAPHY, ETC. NOTE
Bibliography, etc. note Includes bibliographical references and index.
650 #0 - SUBJECT ADDED ENTRY--TOPICAL TERM
Topical term or geographic name entry element International business enterprises
General subdivision Management.
9 (RLIN) 12563
650 #0 - SUBJECT ADDED ENTRY--TOPICAL TERM
Topical term or geographic name entry element International business enterprises
General subdivision Planning.
9 (RLIN) 20651
650 #0 - SUBJECT ADDED ENTRY--TOPICAL TERM
Topical term or geographic name entry element Strategic planning.
9 (RLIN) 12267
650 #0 - SUBJECT ADDED ENTRY--TOPICAL TERM
Topical term or geographic name entry element International economic relations.
9 (RLIN) 539
700 1# - ADDED ENTRY--PERSONAL NAME
Personal name Vernon, Heidi,
Dates associated with a name 1938-
9 (RLIN) 20652
700 1# - ADDED ENTRY--PERSONAL NAME
Personal name Wortzel, Lawrence H.
9 (RLIN) 20653
730 0# - ADDED ENTRY--UNIFORM TITLE
Uniform title Strategic management of multinational corporations.
9 (RLIN) 20654
856 42 - ELECTRONIC LOCATION AND ACCESS
Materials specified Publisher description
Uniform Resource Identifier <a href="http://www.loc.gov/catdir/enhancements/fy0608/90044777-d.html">http://www.loc.gov/catdir/enhancements/fy0608/90044777-d.html</a>
856 41 - ELECTRONIC LOCATION AND ACCESS
Materials specified Table of contents only
Uniform Resource Identifier <a href="http://www.loc.gov/catdir/enhancements/fy0608/90044777-t.html">http://www.loc.gov/catdir/enhancements/fy0608/90044777-t.html</a>
906 ## - LOCAL DATA ELEMENT F, LDF (RLIN)
a 7
b cbc
c orignew
d 1
e ocip
f 19
g y-gencatlg
942 ## - ADDED ENTRY ELEMENTS (KOHA)
Source of classification or shelving scheme
Koha item type Book
Holdings
Withdrawn status Lost status Source of classification or shelving scheme Damaged status Not for loan Permanent Location Current Location Shelving location Date acquired Total Checkouts Full call number Barcode Date last seen Price effective from Koha item type
          Central Library (CL) Central Library (CL) Management Sciences 09/14/2019   658.4012 VER NBS944 09/14/2019 09/14/2019 Book
© 2023 Central Library, National University of Sciences and Technology. All Rights Reserved.